000 00399nam a2200145Ia 4500
008 230917s9999||||xx |||||||||||||| ||und||
040 _e75621
_aMAIN
041 _aEnglish
082 _a658.45 D659S
100 _aDoctoroff, Michael
245 0 _aSynergistic management: Creating the climate for superior preformance
260 _aNew York
_bAMACOM
_c1977
300 _aviii, 159 p.
942 _cBK
999 _c213817
_d213817